|
|
|
|
| LEADER |
01202nam a2200265 a 4500 |
| 001 |
00017810 |
| 003 |
BD-DhAAL |
| 008 |
100204s2008 enka 001 0 eng d |
| 020 |
|
|
|a 9781856695411 (pbk.)
|
| 020 |
|
|
|a 1856695417 (pbk.)
|
| 040 |
|
|
|a UKM
|c UKM
|d YDXCP
|d BAKER
|d BTCTA
|d BWKUK
|d BWK
|d BD-DhAAL
|
| 082 |
0 |
4 |
|a 745.2
|2 22
|
| 100 |
1 |
|
|a Hudson, Jennifer
|9 31963
|
| 245 |
1 |
0 |
|a Process :
|b 50 product designs from concept to manufacture /
|c Jennifer Hudson.
|
| 260 |
|
|
|a London :
|b Laurence King,
|c 2008.
|
| 300 |
|
|
|a 240 p. :
|b col. ill. ;
|c 28 cm
|
| 500 |
|
|
|a Includes index.
|
| 526 |
|
|
|a ARC
|x Md. Shajjad Hossain,
Faculty members of the Department of Architecture
|
| 541 |
1 |
|
|e 00017810
|a Zeenat Book Supply Ltd
|
| 650 |
|
0 |
|a Industrial design.
|9 31964
|
| 650 |
|
0 |
|a Manufacturing processes.
|9 31965
|
| 852 |
4 |
|
|a Ayesha Abed Library
|c General Stacks
|
| 942 |
|
|
|2 ddc
|c BK
|
| 999 |
|
|
|c 7350
|d 7350
|
| 952 |
|
|
|0 0
|1 4
|2 ddc
|4 0
|6 745_200000000000000_HUD
|7 0
|9 7825
|a BRACUL
|b BRACUL
|c GEN
|d 2010-02-08
|e Zeenat Book Supply Limited
|g 3375.00
|l 1
|m 7
|o 745.2 HUD
|p 3010017810
|r 2010-06-21
|s 2010-04-27
|t 1
|w 2010-02-08
|y BK
|x Koha Inventory 2020 ; Requisitioned by Md. Shajjad Hossain (Faculty members of the Department of Architecture)
|